South Eastern Kenya University

Library Online Public Access Catalogue


Water harvesting and soil moisture retention/ (Record no. 2202)

MARC details
000 -LEADER
fixed length control field 00605nam a22001457a 4500
020 ## - ISBN
International Standard Book Number 907707340
050 ## - LIBRARY OF CONGRESS CALL NUMBER
Classification Number (cta)S619
Item Number .W38 2003
100 ## - MAIN ENTRY--Author
Personal name Anschutz, Justine
245 ## - TITLE
Title Water harvesting and soil moisture retention/
Remainder of title Agrodok-series No. 13.
Statement of responsibility, etc Justine Anschutz, Antoinette Kome, Marc Nederlof, Rob de Neef, Ton van de Ven
300 ## - PHYSICAL DESCRIPTION
Extent 95p.:
500 ## - GENERALNOTE
General note includes table of contents, glossary, appendices, further reading and useful addresses.
650 ## - SUBJECT--TOPIC
Form subdivision 1. Water harvesting 2. Soil moisture retention.
700 ## - ADDED ENTRY--PERSONAL AUTHOR
Personal Name Kome, Antoinette, Nederlof, Marc, Neef, de Rob, van de Ven, Ton
942 ## - ADDED ENTRY ELEMENTS(KOHA)
Koha item type General circulation
Holdings
Source of classification or shelving scheme Not for loan Location (home branch) Sublocation (holding branch) Date accessioned Cost, normal purchase price Full call number Barcode Copy number Cost, replacement price Koha item type Public note
Library of Congress Classification   Main Campus Library Main Campus Library 28/08/2014 300.00 S 619 .W38 2003 2019/024263 C1 500.00 General circulation CM
Kitui, Kenya.
+254736116989
library@seku.ac.ke